[Event "C.to Italiano Semifinale"]
[Site "Saint Vincent - Chatillon ITA"]
[Date "2008.07.24"]
[Round "6"]
[White "Bentivegna, Francesco"]
[Black "Paglietti, Nicola"]
[Result "1-0"]
[WhiteElo "2329"]
[BlackElo "2273"]
[PlyCount "81"]
[EventDate "2008.07.19"]

1. e4 b6 2. d4 Bb7 3. Bg5 g6 4. Nc3 Bg7 5. Qd2 d5 6. exd5 Bxd5 7. Nxd5 Qxd5 8.
Nf3 Nf6 9. c4 Qe6+ 10. Be3 O-O 11. Be2 Ne4 12. Qc2 Nd6 13. O-O a5 14. Rad1 Na6
15. a3 c5 16. d5 Qc8 17. Bd3 Rb8 18. Bf4 Nc7 19. Rfe1 Bf6 20. a4 Na6 21. Qc1
Nb4 22. Bb1 Rb7 23. Be5 Bg7 24. Qf4 Qd7 25. b3 f6 26. Bb2 Qe8 27. h4 Na6 28.
Re2 Qf7 29. Rde1 Rd7 30. Nh2 Nc7 31. Ng4 Nce8 32. h5 f5 33. hxg6 hxg6 34. Nh6+
Bxh6 35. Qxh6 Nf6 36. Re3 Nde4 37. Bxe4 fxe4 38. Rxe4 Re8 39. Rg4 Qh7 40. Rxg6+
Kf7 41. Rxf6+ 1-0

[Event "C.to Italiano Semifinale"]
[Site "Saint Vincent - Chatillon ITA"]
[Date "2008.07.24"]
[Round "6"]
[White "Borgiani, Flavio"]
[Black "Astengo, Marcello"]
[Result "0-1"]
[WhiteElo "2215"]
[BlackElo "2075"]
[PlyCount "50"]
[EventDate "2008.07.19"]

1. c4 c6 2. Nf3 d5 3. e3 Nf6 4. Qc2 g6 5. Nc3 Bg7 6. d4 O-O 7. Bd2 a6 8. c5
Nbd7 9. e4 Nxe4 10. Nxe4 dxe4 11. Qxe4 e5 12. dxe5 Nxe5 13. Nxe5 Bf5 14. Qb4
Bxe5 15. O-O-O a5 16. Qa3 Qh4 17. f3 Rfd8 18. g3 Bxg3 19. hxg3 Qxh1 20. Qc3
Rxd2 21. Qxd2 Qxf3 22. Qg5 Qf2 23. Bd3 Qxc5+ 24. Kd2 Qd5 25. Kc3 Rd8 0-1

[Event "C.to Italiano Semifinale"]
[Site "Saint Vincent - Chatillon ITA"]
[Date "2008.07.24"]
[Round "6"]
[White "Borgo, Giulio"]
[Black "Vezzosi, Paolo"]
[Result "1/2-1/2"]
[WhiteElo "2442"]
[BlackElo "2352"]
[PlyCount "179"]
[EventDate "2008.07.19"]

1. Nf3 Nf6 2. d4 b6 3. e3 Bb7 4. Bd3 e6 5. O-O d5 6. b3 Bd6 7. c4 O-O 8. Nc3
Nbd7 9. Bb2 Re8 10. Nb5 Bf8 11. Rc1 a6 12. Nc3 c5 13. Qe2 Qb8 14. Rfd1 Bd6 15.
h3 dxc4 16. Bxc4 b5 17. Bd3 cxd4 18. Nxd4 Nc5 19. Bc2 b4 20. Na4 Nce4 21. Bd3
Bh2+ 22. Kf1 Be5 23. Nf3 Bxb2 24. Qxb2 Bd5 25. Qe5 Nd6 26. Nd4 Nb5 27. Qxb8
Rexb8 28. Nc2 a5 29. Bxb5 Rxb5 30. f3 e5 31. e4 Be6 32. Ne3 g6 33. Kf2 Ra7 34.
Rd8+ Kg7 35. Rc5 Rab7 36. Rxb5 Rxb5 37. Ra8 Nd7 38. Rc8 Nb8 39. Rc7 Na6 40. Rc6
Nb8 41. Rc7 Na6 42. Ra7 Nc5 43. Nxc5 Rxc5 44. h4 h5 45. Ra6 Bc8 46. Ra8 Be6 47.
Ke2 Bd7 48. Kd2 Be6 49. Ra7 Kf6 50. Ra6 Kg7 51. Nc2 g5 52. hxg5 Kg6 53. Ne1
Kxg5 54. Nd3 Rb5 55. Ke3 Kf6 56. g3 Kg7 57. Ra7 Bh3 58. Nb2 Bf1 59. Rc7 Rb6 60.
Rc1 Bb5 61. Rc5 Kf6 62. f4 exf4+ 63. Kxf4 Kg6 64. Rg5+ Kh6 65. Rd5 Kg6 66. Ke3
f6 67. Kd4 Rb8 68. Ke3 Rb7 69. Kf4 Rb6 70. Ke3 Kh6 71. Kd4 Rb8 72. Kc5 Be2 73.
Kd4 Bb5 74. Nc4 a4 75. Nd6 axb3 76. axb3 Bc6 77. Nf5+ Kg5 78. Rc5 Bd7 79. Ne3+
Kg6 80. Ng2 Bg4 81. Nf4+ Kh6 82. Rc6 Kg5 83. Nd5 Bd1 84. Rxf6 Bxb3 85. Rf5+ Kg4
86. Nf6+ Kxg3 87. Nxh5+ Kg4 88. Nf4 Bc2 89. Ng2 Kg3 90. Ne3 1/2-1/2

[Event "C.to Italiano Semifinale"]
[Site "Saint Vincent - Chatillon ITA"]
[Date "2008.07.24"]
[Round "6"]
[White "Brancaleoni, Maurizio"]
[Black "Rombaldoni, Axel"]
[Result "1/2-1/2"]
[WhiteElo "2251"]
[BlackElo "2374"]
[PlyCount "106"]
[EventDate "2008.07.19"]

1. c4 e5 2. Nc3 Nf6 3. Nf3 Nc6 4. e3 Be7 5. d4 exd4 6. Nxd4 O-O 7. Nf3 Bb4 8.
Bd2 Re8 9. Be2 Ne5 10. O-O c6 11. Rc1 Qe7 12. Qc2 Bd6 13. Nd4 Bb8 14. Nf5 Qe6
15. Nd4 Qd6 16. f4 Ng6 17. Nf5 Qc5 18. b4 Qf8 19. g4 d5 20. cxd5 cxd5 21. g5
Ne4 22. Nxe4 dxe4 23. Bg4 Bd6 24. Nxd6 Qxd6 25. Bxc8 Raxc8 26. Qxc8 Rxc8 27.
Rxc8+ Nf8 28. Bc3 Qd7 29. Ra8 Qg4+ 30. Kh1 Qe2 31. Re1 Qf3+ 32. Kg1 f6 33. gxf6
gxf6 34. Bxf6 Qg4+ 35. Kf2 Kf7 36. Bd4 Qf3+ 37. Kg1 Ng6 38. Rxa7 Nh4 39. Rxb7+
Ke6 40. Rg7 Qh3 41. Rf1 Nf3+ 42. Rxf3 exf3 43. b5 f2+ 44. Kxf2 Qxh2+ 45. Ke1
Qh4+ 46. Kd2 Qf2+ 47. Kc3 Qe1+ 48. Kc4 Qc1+ 49. Kb4 Qb1+ 50. Kc5 Qc2+ 51. Kb4
Qb1+ 52. Kc5 Qc2+ 53. Kb4 Qb1+ 1/2-1/2

[Event "C.to Italiano Semifinale"]
[Site "Saint Vincent - Chatillon ITA"]
[Date "2008.07.24"]
[Round "6"]
[White "Cordara, Michele"]
[Black "Foglia, Maurizio"]
[Result "1/2-1/2"]
[WhiteElo "2146"]
[BlackElo "2135"]
[PlyCount "103"]
[EventDate "2008.07.19"]

1. Nf3 Nf6 2. g3 d5 3. Bg2 g6 4. c4 c6 5. b3 Bg7 6. Bb2 Bg4 7. O-O O-O 8. Na3
Nbd7 9. cxd5 cxd5 10. Rc1 Rc8 11. Rxc8 Qxc8 12. Qa1 Qc5 13. Rc1 Qa5 14. h3 Bxf3
15. Bxf3 e5 16. d3 b5 17. Nc2 Bh6 18. e3 d4 19. Nxd4 exd4 20. Bxd4 Qd8 21. Bc6
a6 22. g4 Ne8 23. a4 b4 24. Bxd7 Qxd7 25. Bc5 Qxd3 26. Bxb4 Qxb3 27. Bxf8 Bxf8
28. Rc6 a5 29. Qe5 Qd1+ 30. Kg2 Qd7 31. Rb6 Qxa4 32. Rb5 Nd6 33. Rxa5 Qc6+ 34.
Qd5 Qxd5+ 35. Rxd5 f6 36. Ra5 Kf7 37. Ra7+ Be7 38. f4 h6 39. Kf3 f5 40. Ra6 Bf8
41. Rxd6 Bxd6 42. gxf5 gxf5 43. e4 Kf6 44. exf5 Kxf5 45. h4 h5 46. Kg2 Kg4 47.
f5 Be5 48. f6 Bxf6 49. Kh2 Kf3 50. Kg1 Kg3 51. Kh1 Kf2 52. Kh2 1/2-1/2

[Event "C.to Italiano Semifinale"]
[Site "Saint Vincent - Chatillon ITA"]
[Date "2008.07.24"]
[Round "6"]
[White "Genocchio, Daniele"]
[Black "Bruno, Fabio"]
[Result "1-0"]
[WhiteElo "2420"]
[BlackElo "2453"]
[PlyCount "97"]
[EventDate "2008.07.19"]

1. e4 c5 2. Nc3 e6 3. Nge2 Nc6 4. g3 g6 5. d4 cxd4 6. Nxd4 a6 7. Nxc6 bxc6 8.
Qd4 f6 9. Bg2 Nh6 10. O-O Nf7 11. Na4 Rb8 12. c4 d6 13. b3 c5 14. Qe3 Bg7 15.
Bb2 O-O 16. Bc3 Qe7 17. Rad1 Bd7 18. Nb2 Rfc8 19. f4 Bh6 20. Qd2 Bc6 21. Nd3 e5
22. Rde1 Bb7 23. Nf2 Rf8 24. Ng4 Bg7 25. Qd3 Rbe8 26. f5 Nd8 27. Rd1 Nc6 28.
Qxd6 Nd4 29. Qxe7 Rxe7 30. Ba5 g5 31. Rd2 Rc8 32. Rb1 Rf7 33. Kf2 Bf8 34. Rdd1
Kg7 35. Ne3 Nc6 36. Bc3 Nd4 37. Ba5 Be7 38. h4 h6 39. Bc3 Bd8 40. Rh1 Kf8 41.
Ng4 Kg7 42. Nxh6 Kxh6 43. hxg5+ Kg7 44. g6 Re7 45. Rh7+ Kg8 46. Rh5 Rg7 47.
Rbh1 Kf8 48. Rh8+ Ke7 49. R1h7 1-0

[Event "C.to Italiano Semifinale"]
[Site "Saint Vincent - Chatillon ITA"]
[Date "2008.07.24"]
[Round "6"]
[White "Gioseffi, Massimiliano"]
[Black "Tocco, Paolo"]
[Result "1/2-1/2"]
[WhiteElo "2049"]
[BlackElo "2174"]
[PlyCount "88"]
[EventDate "2008.07.19"]

1. d4 d6 2. c4 f5 3. Nf3 Nf6 4. g3 g6 5. Bg2 Bg7 6. O-O O-O 7. b3 e5 8. Bb2 e4
9. Ne1 Nc6 10. d5 Ne5 11. Nc3 a6 12. f3 exf3 13. exf3 g5 14. Nd3 Ng6 15. f4 Ng4
16. Rf3 Bd4+ 17. Kh1 gxf4 18. gxf4 Rf7 19. Qd2 Bd7 20. Ne2 Bxb2 21. Qxb2 Qf8
22. h3 Nf6 23. Ng3 Re8 24. Re1 Rfe7 25. Rxe7 Rxe7 26. Qd4 Kf7 27. Re3 Qe8 28.
Rxe7+ Qxe7 29. Kg1 Nh4 30. Bh1 Kf8 31. Kf2 Qg7 32. Qe3 b6 33. Ne1 Qe7 34. Qxe7+
Kxe7 35. Nc2 Ne8 36. Nd4 Ng7 37. Nf3 Ng6 38. Ke3 h6 39. Bg2 Kf6 40. Bf1 Bc8 41.
Bd3 Ne7 42. Nd4 Bd7 43. Nf3 Bc8 44. Nd4 Bd7 1/2-1/2

[Event "C.to Italiano Semifinale"]
[Site "Saint Vincent - Chatillon ITA"]
[Date "2008.07.24"]
[Round "6"]
[White "Lamagna, Mario"]
[Black "Caprio, Guido"]
[Result "0-1"]
[WhiteElo "1888"]
[BlackElo "2188"]
[PlyCount "54"]
[EventDate "2008.07.19"]

1. e4 c5 2. f4 d5 3. exd5 Nf6 4. Nc3 Nxd5 5. Nf3 a6 6. g3 e6 7. Bg2 Be7 8. O-O
Nxc3 9. bxc3 O-O 10. d3 Qc7 11. Ne5 Nd7 12. Qe2 Bf6 13. d4 Nb6 14. Ba3 Na4 15.
Qd3 Rd8 16. Rab1 Rb8 17. Be4 g6 18. Rbd1 Be7 19. Bc1 cxd4 20. cxd4 Rxd4 21. Qf3
Rxd1 22. Rxd1 f6 23. Nd3 Nc3 24. Re1 f5 25. Bxf5 exf5 26. Bb2 Ne4 27. Ne5 Qb6+
0-1

[Event "C.to Italiano Semifinale"]
[Site "Saint Vincent - Chatillon ITA"]
[Date "2008.07.24"]
[Round "6"]
[White "Landi, Andrea"]
[Black "Finocchiaro, Gianluca"]
[Result "0-1"]
[WhiteElo "1837"]
[BlackElo "2021"]
[PlyCount "66"]
[EventDate "2008.07.19"]

1. d4 Nf6 2. Nf3 c5 3. d5 d6 4. c4 b5 5. cxb5 a6 6. bxa6 Bxa6 7. Nc3 g6 8. e4
Bxf1 9. Kxf1 Nbd7 10. g3 Bg7 11. Kg2 O-O 12. Bf4 Qb6 13. Qe2 Ng4 14. h3 Nge5
15. Bxe5 Nxe5 16. Nxe5 Bxe5 17. Qc2 Rfb8 18. Rab1 Qa5 19. Rhc1 Rb4 20. a3 Rbb8
21. Nd1 Bd4 22. Nc3 Ra7 23. Ra1 Rab7 24. Ra2 Kg7 25. a4 Rb4 26. b3 c4 27. Qd2
cxb3 28. Rb2 Rc4 29. Qd3 Bxc3 30. Qxc4 Bxb2 31. Rb1 Qc3 32. Qe2 Qc2 33. Rxb2
Qxe2 0-1

[Event "C.to Italiano Semifinale"]
[Site "Saint Vincent - Chatillon ITA"]
[Date "2008.07.24"]
[Round "6"]
[White "Locci, Damiano"]
[Black "Gallucci, Alessio"]
[Result "0-1"]
[WhiteElo "2094"]
[BlackElo "2152"]
[PlyCount "94"]
[EventDate "2008.07.19"]

1. Nf3 c5 2. b4 cxb4 3. e4 e6 4. d4 Nf6 5. Bd3 d5 6. e5 Ne4 7. O-O b6 8. a3 Nc3
9. Nxc3 bxc3 10. Ng5 Ba6 11. Qh5 g6 12. Qh3 Bxd3 13. cxd3 Nc6 14. Nxh7 Be7 15.
Qh6 Kd7 16. Qg7 Qe8 17. Be3 Na5 18. Rac1 Rc8 19. Rc2 Rc7 20. Rfc1 Rxh7 21. Qxh7
Bxa3 22. Rxc3 Bxc1 23. Rxc1 Rxc1+ 24. Bxc1 Nb3 25. Bb2 a5 26. h4 b5 27. g4 b4
28. h5 gxh5 29. gxh5 a4 30. h6 a3 31. Ba1 Nxa1 32. Qg7 Nc2 33. h7 a2 34. h8=Q
a1=Q+ 35. Kh2 Qxh8+ 36. Qxh8 Qxd4 37. Qf6 Kc6 38. Qh8 Qxf2+ 39. Kh1 Qf1+ 40.
Kh2 Qf2+ 41. Kh1 Qe1+ 42. Kh2 Qe2+ 43. Kh1 Kc5 44. d4+ Kxd4 45. Qb8 Qe1+ 46.
Kg2 Ne3+ 47. Kf3 Qf1+ 0-1

[Event "C.to Italiano Semifinale"]
[Site "Saint Vincent - Chatillon ITA"]
[Date "2008.07.24"]
[Round "6"]
[White "Martorelli, Antonio"]
[Black "Ferri, Stefano"]
[Result "1-0"]
[WhiteElo "2240"]
[BlackElo "2146"]
[PlyCount "85"]
[EventDate "2008.07.19"]

1. e4 d5 2. exd5 Nf6 3. c4 e6 4. d4 exd5 5. Nc3 g6 6. Qb3 Bg7 7. cxd5 O-O 8.
Be2 Nbd7 9. Bf3 Nb6 10. Bg5 a5 11. Nge2 a4 12. Qb5 a3 13. bxa3 Rxa3 14. O-O Ra6
15. a4 Na8 16. a5 b6 17. d6 bxa5 18. dxc7 Qe7 19. Rxa5 Nxc7 20. Qa4 Qd7 21.
Qxd7 Nxd7 22. Rfa1 Re8 23. Rxa6 Nxa6 24. Nd5 Bf8 25. h4 h6 26. Be3 Bg7 27. Nec3
Ndb8 28. Ne4 Re6 29. Rc1 Bd7 30. h5 Nc6 31. Nb6 Ncb8 32. d5 Re8 33. hxg6 fxg6
34. Nd6 Rd8 35. Nb7 Re8 36. Nxd7 Nxd7 37. Bg4 Nab8 38. Rc7 Be5 39. Bxd7 Re7 40.
Rc8+ Kg7 41. Be6 Na6 42. d6 Bxd6 43. Nxd6 1-0

[Event "C.to Italiano Semifinale"]
[Site "Saint Vincent - Chatillon ITA"]
[Date "2008.07.24"]
[Round "6"]
[White "Pepino, Enrico"]
[Black "Cocchi, Andrea"]
[Result "0-1"]
[WhiteElo "2119"]
[BlackElo "2323"]
[PlyCount "56"]
[EventDate "2008.07.19"]

1. e4 c6 2. d4 d5 3. Nc3 dxe4 4. Nxe4 Nf6 5. Ng5 h6 6. N5f3 Bf5 7. Bd3 Nbd7 8.
Ne2 Bxd3 9. Qxd3 e6 10. O-O Be7 11. b3 O-O 12. Bb2 Qc7 13. c4 Rfd8 14. Rad1
Rac8 15. Ng3 Qa5 16. Qc2 b5 17. Ne5 Nxe5 18. dxe5 Nd7 19. f4 bxc4 20. bxc4 Nb6
21. f5 Qc5+ 22. Kh1 Qxc4 23. Rxd8+ Rxd8 24. Qf2 Bc5 25. Qf3 Bf8 26. h3 Rd3 27.
Qf2 Bc5 28. Qe1 Rxg3 0-1

[Event "C.to Italiano Semifinale"]
[Site "Saint Vincent - Chatillon ITA"]
[Date "2008.07.24"]
[Round "6"]
[White "Piscopo, Pierluigi"]
[Black "Rombaldoni, Denis"]
[Result "1/2-1/2"]
[WhiteElo "2389"]
[BlackElo "2418"]
[PlyCount "106"]
[EventDate "2008.07.19"]

1. e4 c6 2. d4 d5 3. exd5 cxd5 4. Bd3 Nc6 5. c3 Nf6 6. Bf4 Bg4 7. Qb3 Qd7 8.
Nd2 e6 9. Ngf3 Bd6 10. Bxd6 Qxd6 11. O-O O-O 12. Rae1 Nd7 13. Re3 f5 14. h3 Bh5
15. c4 Nf6 16. c5 Qd7 17. Ne5 Qc8 18. Ndf3 Ne4 19. Qa4 Bxf3 20. Nxf3 a6 21. Qd1
Qd8 22. Bc2 b5 23. cxb6 Qxb6 24. Ba4 Na5 25. b3 Rfc8 26. Ne5 Nc3 27. Qh5 Nxa4
28. Qf7+ Kh8 29. bxa4 Ra7 30. Rc3 Nc4 31. Rb3 Nxe5 32. dxe5 Qxb3 33. Qxa7 Qxa4
34. g3 h6 35. Qf7 Qc6 36. Rb1 Rc7 37. Rb8+ Kh7 38. Qg8+ Kg6 39. Rf8 Re7 40.
Rf6+ Kh5 41. Qh7 Qc1+ 42. Kg2 Qg5 43. f4 gxf6 44. Qxe7 Qg8 45. Qxf6 d4 46. Qe7
Kg6 47. Qd7 Qa8+ 48. Kf2 Qe4 49. Qxe6+ Kg7 50. Qf6+ Kh7 51. Qf7+ Kh8 52. Qf8+
Kh7 53. Qf7+ Kh8 1/2-1/2

[Event "C.to Italiano Semifinale"]
[Site "Saint Vincent - Chatillon ITA"]
[Date "2008.07.24"]
[Round "6"]
[White "Puzzoni, Christian"]
[Black "Frugoli, Francesco"]
[Result "0-1"]
[WhiteElo "2128"]
[BlackElo "2163"]
[PlyCount "56"]
[EventDate "2008.07.19"]

1. e4 e5 2. f4 d5 3. Nf3 exf4 4. exd5 Nf6 5. d4 Nxd5 6. Nc3 Bb4 7. Bc4 Nxc3 8.
bxc3 Bxc3+ 9. Kf2 O-O 10. Bxf4 Bxa1 11. Qxa1 Be6 12. Bd3 Nd7 13. c4 Nf6 14. Rf1
b5 15. cxb5 Qd5 16. Kg1 Qxa2 17. Qc1 Qb3 18. Ne5 Qd5 19. Be3 Ng4 20. Rf4 Nxe5
21. dxe5 Qxd3 22. Rd4 Qxb5 23. Rh4 Rab8 24. Qe1 Qd3 25. Bc1 Rbd8 26. Kf2 Rd4
27. Rh5 Qc2+ 28. Kg3 Rg4+ 0-1

[Event "C.to Italiano Semifinale"]
[Site "Saint Vincent - Chatillon ITA"]
[Date "2008.07.24"]
[Round "6"]
[White "Rettore, Ludwig"]
[Black "Bonafede, Alessandro"]
[Result "1/2-1/2"]
[WhiteElo "2230"]
[BlackElo "2329"]
[PlyCount "130"]
[EventDate "2008.07.19"]

1. e4 c5 2. Nf3 Nc6 3. d4 cxd4 4. Nxd4 Nf6 5. Nc3 e5 6. Ndb5 d6 7. Bg5 a6 8.
Na3 b5 9. Nd5 Be7 10. Bxf6 Bxf6 11. c4 b4 12. Nc2 a5 13. g3 O-O 14. h4 Be6 15.
Bh3 Rb8 16. b3 Be7 17. Bg2 Qd7 18. O-O Bd8 19. Nce3 Ne7 20. Kh2 Rc8 21. Nxe7+
Bxe7 22. Nf5 Rc5 23. Qd3 Ra8 24. a3 Rb8 25. a4 Bf8 26. Ne3 g6 27. Rad1 Rd8 28.
Qe2 Bg7 29. Rd2 f5 30. Rfd1 Qe7 31. exf5 gxf5 32. Bd5 Kh8 33. Qh5 f4 34. Be4 h6
35. Qg6 Kg8 36. Nf5 Bxf5 37. Bxf5 Rc6 38. Be4 Ra6 39. c5 Qf6 40. Qxf6 Bxf6 41.
cxd6 Kf7 42. d7 Ke7 43. Rd5 Ra7 44. Bf5 Rc7 45. Rxa5 Rc3 46. Rdd5 fxg3+ 47.
fxg3 Rxb3 48. Rdc5 e4 49. Rc8 Rb2+ 50. Kh3 Rxd7 51. Bxd7 Kxd7 52. Rc4 e3 53.
Rd5+ Ke6 54. Rd3 e2 55. Re4+ Kf7 56. Rde3 Ra2 57. Rxe2 b3 58. R2e3 b2 59. Rb4
Rxa4 60. Reb3 Ra1 61. Kg4 Be5 62. Rb6 Rg1 63. Kh3 b1=Q 64. Rxb1 Rxg3+ 65. Kh2
Rg4+ 1/2-1/2

[Event "C.to Italiano Semifinale"]
[Site "Saint Vincent - Chatillon ITA"]
[Date "2008.07.24"]
[Round "6"]
[White "Ricci, Marco"]
[Black "Valenti, Giuseppe"]
[Result "0-1"]
[WhiteElo "2139"]
[BlackElo "2203"]
[PlyCount "72"]
[EventDate "2008.07.19"]

1. e4 c5 2. Nf3 e6 3. d4 cxd4 4. Nxd4 a6 5. Bd3 Qc7 6. O-O Ne7 7. Be3 d5 8. f3
e5 9. Nb3 Nbc6 10. Be2 d4 11. Bf2 Na5 12. Nxa5 Qxa5 13. f4 Nc6 14. fxe5 Qxe5
15. Bc4 Be6 16. Nd2 O-O-O 17. Qe2 Bb4 18. Bg3 Qg5 19. Bf4 Qc5 20. Bd3 Qe7 21.
Nc4 Bc5 22. Kh1 h5 23. Qd2 Rdg8 24. Na5 Bd7 25. Nxc6 Bxc6 26. Qe2 f6 27. Bd2
Re8 28. Rae1 h4 29. h3 g5 30. Qf3 Rhf8 31. Qf5+ Bd7 32. Qf3 Qe5 33. Re2 Bd6 34.
g4 hxg3 35. Be1 Rh8 36. Kg2 Bxh3+ 0-1

[Event "C.to Italiano Semifinale"]
[Site "Saint Vincent - Chatillon ITA"]
[Date "2008.07.24"]
[Round "6"]
[White "Roversi, Stefano"]
[Black "Ricci, Alfredo"]
[Result "1-0"]
[WhiteElo "1840"]
[BlackElo "2069"]
[PlyCount "87"]
[EventDate "2008.07.19"]

1. e4 c5 2. Nf3 e6 3. d4 cxd4 4. Nxd4 a6 5. c4 d6 6. Nc3 Nf6 7. Be3 Be7 8. Bd3
Qc7 9. Rc1 Nbd7 10. f4 b6 11. O-O Bb7 12. f5 e5 13. Nb3 Rc8 14. Nd5 Bxd5 15.
cxd5 Qb7 16. Qe2 Nb8 17. Rxc8+ Qxc8 18. Bxb6 Qb7 19. Ba5 O-O 20. Rc1 Rc8 21.
Rxc8+ Qxc8 22. Qc2 Qxc2 23. Bxc2 Kf8 24. Bc7 Nfd7 25. Na5 Ke8 26. Ba4 Bd8 27.
Bxb8 Bxa5 28. Bxd6 Bb6+ 29. Kf1 Bd4 30. b4 Kd8 31. Bxd7 Kxd7 32. Bc5 Bc3 33. a4
g6 34. fxg6 fxg6 35. b5 axb5 36. axb5 Bd2 37. Ke2 Bg5 38. Kd3 Bd8 39. b6 Kc8
40. Kc4 Kb7 41. Kb5 h5 42. h3 Bf6 43. Bd6 Bd8 44. Bc7 1-0

[Event "C.to Italiano Semifinale"]
[Site "Saint Vincent - Chatillon ITA"]
[Date "2008.07.24"]
[Round "6"]
[White "Sarno, Spartaco"]
[Black "Mogranzini, Roberto"]
[Result "1-0"]
[WhiteElo "2329"]
[BlackElo "2423"]
[PlyCount "89"]
[EventDate "2008.07.19"]

1. d4 Nf6 2. c4 g6 3. Nc3 d5 4. cxd5 Nxd5 5. e4 Nxc3 6. bxc3 Bg7 7. Bc4 c5 8.
Ne2 O-O 9. Be3 Nc6 10. Rc1 Qa5 11. Kf1 b6 12. Bd5 Bb7 13. f3 e6 14. Bb3 Rfd8
15. h4 Ba6 16. Bd2 Qa3 17. d5 c4 18. Ba4 Ne5 19. dxe6 fxe6 20. Bc2 Bh6 21. f4
Ng4 22. Rh3 e5 23. Qe1 Qc5 24. Rd1 Rxd2 25. Rxd2 Rf8 26. Qg3 Bc8 27. f5 Bxd2
28. Qxg4 Kh8 29. Ng1 Qa3 30. Qd1 Rd8 31. Nf3 Bg5 32. Qe1 Bf6 33. Ng5 Qe7 34.
Qe3 Kg7 35. g4 Qf8 36. Nf3 gxf5 37. exf5 Kh8 38. Rg3 Bg7 39. Qe4 Rd7 40. g5 Bb7
41. Qg4 Qa3 42. f6 Qc1+ 43. Ne1 Rf7 44. Ke2 Bf8 45. g6 1-0

[Event "C.to Italiano Semifinale"]
[Site "Saint Vincent - Chatillon ITA"]
[Date "2008.07.24"]
[Round "6"]
[White "Sbarra, Marco"]
[Black "Lombardi, Mariano"]
[Result "0-1"]
[WhiteElo "2236"]
[BlackElo "1928"]
[PlyCount "68"]
[EventDate "2008.07.19"]

1. d4 Nf6 2. c4 c6 3. Nc3 d5 4. e3 e6 5. Nf3 Nbd7 6. Qc2 Bd6 7. Be2 O-O 8. O-O
b6 9. e4 dxe4 10. Nxe4 Nxe4 11. Qxe4 Bb7 12. Rd1 Re8 13. Bg5 Qc7 14. c5 bxc5
15. Rac1 f6 16. Be3 f5 17. Qc2 cxd4 18. Nxd4 Bxh2+ 19. Kh1 Nf8 20. Nb5 Qb8 21.
Nxa7 c5 22. Bxc5 Bf4 23. Bb5 Bxc1 24. Bxe8 Qxe8 25. Rxc1 Qh5+ 26. Kg1 Qg4 27.
f3 Bxf3 28. Bxf8 Rxf8 29. Qf2 Bd5 30. Rc8 Rxc8 31. Nxc8 Qg5 32. Qc2 h5 33. Nd6
Qe3+ 34. Kh1 Qe1+ 0-1

[Event "C.to Italiano Semifinale"]
[Site "Saint Vincent - Chatillon ITA"]
[Date "2008.07.24"]
[Round "6"]
[White "Sibilio, Mario"]
[Black "Dvirnyy, Danyyil"]
[Result "1/2-1/2"]
[WhiteElo "2361"]
[BlackElo "2358"]
[PlyCount "72"]
[EventDate "2008.07.19"]

1. Nf3 c5 2. b3 Nc6 3. c4 Nf6 4. Bb2 g6 5. Bxf6 exf6 6. Nc3 Bg7 7. g3 O-O 8.
Bg2 f5 9. O-O a6 10. e3 b5 11. d4 Rb8 12. cxb5 axb5 13. Rc1 Qa5 14. Qd2 c4 15.
bxc4 bxc4 16. Rfd1 Ba6 17. Ne1 Rfc8 18. Nd5 Qa3 19. Nc2 Qd6 20. Qc3 Rb5 21. Qa3
Qxa3 22. Nxa3 Rb2 23. Bf1 Rxa2 24. Nxc4 Rd8 25. Ra1 Rxa1 26. Rxa1 Bxc4 27. Bxc4
Rb8 28. h4 h5 29. Nf4 Kf8 30. Bd5 Nb4 31. Ra7 Ke7 32. Bc4 Bh6 33. Nd3 Nxd3 34.
Bxd3 Bg7 35. Bc4 Bf6 36. Kg2 f4 1/2-1/2

[Event "C.to Italiano Semifinale"]
[Site "Saint Vincent - Chatillon ITA"]
[Date "2008.07.24"]
[Round "6"]
[White "Ubezio, Marco"]
[Black "Rorato, Giovanni Riccardo"]
[Result "1-0"]
[WhiteElo "2181"]
[BlackElo "2065"]
[PlyCount "51"]
[EventDate "2008.07.19"]

1. d4 Nf6 2. Bg5 g6 3. Bxf6 exf6 4. c4 f5 5. Nc3 Bg7 6. g3 O-O 7. Bg2 Nc6 8. e3
Re8 9. Nge2 Ne7 10. O-O Rb8 11. a4 Kh8 12. a5 a6 13. b4 d6 14. b5 Bd7 15. Rb1
axb5 16. cxb5 c6 17. a6 bxa6 18. bxa6 Ra8 19. Qd3 Ra7 20. Rb7 Ra8 21. Ra1 Bc8
22. Rbb1 d5 23. Nf4 Ra7 24. Rb8 Qd6 25. Qb1 Bd7 26. Rb6 1-0

[Event "C.to Italiano Semifinale"]
[Site "Saint Vincent - Chatillon ITA"]
[Date "2008.07.24"]
[Round "6"]
[White "Valsecchi, Alessio"]
[Black "De Florio, Federico"]
[Result "1-0"]
[WhiteElo "2298"]
[BlackElo "2106"]
[PlyCount "77"]
[EventDate "2008.07.19"]

1. e4 c6 2. d4 d5 3. e5 Bf5 4. Nf3 e6 5. Be2 Nd7 6. O-O Ne7 7. Nbd2 Bg6 8. c4
Nf5 9. cxd5 cxd5 10. a3 Be7 11. b4 O-O 12. Nb3 Rc8 13. Nc5 b6 14. Nd3 Nh4 15.
Nxh4 Bxh4 16. b5 Be7 17. Nb4 Bxb4 18. axb4 Bc2 19. Qd2 Rc7 20. Ra3 Qe7 21. Rh3
Rfc8 22. Bb2 Nf8 23. Bc3 Be4 24. f4 Ng6 25. g4 Nh4 26. Rf2 h6 27. Qe1 h5 28. f5
exf5 29. gxh5 f4 30. Bd2 f3 31. Bd1 Rc4 32. h6 gxh6 33. Rxh4 Qxh4 34. Rg2+ fxg2
35. Qxh4 Rxd4 36. Qg4+ Kh7 37. Qxc8 Rxd2 38. Bf3 Rc2 39. Bxe4+ 1-0

[Event "C.to Italiano Semifinale"]
[Site "Saint Vincent - Chatillon ITA"]
[Date "2008.07.25"]
[Round "7"]
[White "Astengo, Marcello"]
[Black "Paglietti, Nicola"]
[Result "1/2-1/2"]
[WhiteElo "2075"]
[BlackElo "2273"]
[PlyCount "61"]
[EventDate "2008.07.19"]

1. d4 Nf6 2. c4 g6 3. Nc3 d5 4. Nf3 Bg7 5. Bf4 O-O 6. e3 c5 7. dxc5 Qa5 8. Qb3
Ne4 9. Be5 dxc4 10. Bxc4 Nxc5 11. Qb5 Nc6 12. Qxa5 Nxa5 13. Be2 Nc6 14. Bxg7
Kxg7 15. O-O Bf5 16. Rfd1 Rfd8 17. Kf1 a6 18. Nd5 Rd6 19. Rac1 Na4 20. Nxe7
Rxd1+ 21. Bxd1 Bd3+ 22. Ke1 Nxb2 23. Nxc6 bxc6 24. Rxc6 Nxd1 25. Kxd1 Rb8 26.
Ne5 Be4 27. Rxa6 Rb1+ 28. Kd2 Rb2+ 29. Ke1 Rb1+ 30. Kd2 Rb2+ 31. Ke1 1/2-1/2

[Event "C.to Italiano Semifinale"]
[Site "Saint Vincent - Chatillon ITA"]
[Date "2008.07.25"]
[Round "7"]
[White "Bonafede, Alessandro"]
[Black "Martorelli, Antonio"]
[Result "0-1"]
[WhiteElo "2329"]
[BlackElo "2240"]
[PlyCount "68"]
[EventDate "2008.07.19"]

1. e4 c5 2. Nf3 e6 3. d4 cxd4 4. Nxd4 a6 5. Bd3 Bc5 6. Nb3 Ba7 7. Qe2 Nc6 8.
Nc3 d6 9. Be3 b5 10. f4 Nge7 11. O-O-O Qc7 12. Rhe1 b4 13. Nd5 exd5 14. exd5
Bxe3+ 15. Qxe3 Nd8 16. Nd4 Ra7 17. Bb5+ Kf8 18. Ba4 h5 19. f5 Kg8 20. Qf3 Rh6
21. Rd2 Kh7 22. Rde2 Qc4 23. Re4 Qxd5 24. Qe3 Nxf5 25. Nxf5 Bxf5 26. Qxa7 Bxe4
27. Qe7 Ne6 28. Qxf7 Qg5+ 29. Kb1 Rf6 30. Qe8 Bg6 31. Qc8 Qd2 32. Rc1 Nc5 33.
Bb3 Nxb3 34. axb3 d5 0-1

[Event "C.to Italiano Semifinale"]
[Site "Saint Vincent - Chatillon ITA"]
[Date "2008.07.25"]
[Round "7"]
[White "Bruno, Fabio"]
[Black "Cocchi, Andrea"]
[Result "1-0"]
[WhiteElo "2453"]
[BlackElo "2323"]
[PlyCount "57"]
[EventDate "2008.07.19"]

1. d4 e6 2. c4 d5 3. Nc3 Bb4 4. Nf3 Nf6 5. cxd5 exd5 6. Bg5 O-O 7. e3 c5 8.
dxc5 Nbd7 9. Rc1 Qa5 10. a3 Bxc3+ 11. Rxc3 Ne4 12. b4 Nxc3 13. Qa1 Qa4 14. Qxc3
a5 15. b5 Nxc5 16. Qxc5 Bf5 17. Qc3 Rac8 18. Qa1 Bb1 19. Qxb1 Qxa3 20. Kd2 Qc3+
21. Kd1 a4 22. Bd3 a3 23. Ke2 h6 24. Be7 Rfe8 25. Qb4 Rxe7 26. Qxe7 Qb2+ 27.
Nd2 a2 28. Qxb7 Rf8 29. Qa7 1-0

[Event "C.to Italiano Semifinale"]
[Site "Saint Vincent - Chatillon ITA"]
[Date "2008.07.25"]
[Round "7"]
[White "Caprio, Guido"]
[Black "Finocchiaro, Gianluca"]
[Result "1-0"]
[WhiteElo "2188"]
[BlackElo "2021"]
[PlyCount "51"]
[EventDate "2008.07.19"]

1. e4 d6 2. d4 Nf6 3. Nc3 c6 4. f4 Qa5 5. Bd3 d5 6. e5 Ne4 7. Qf3 g6 8. Nge2
Bf5 9. O-O Nxc3 10. bxc3 Bxd3 11. cxd3 e6 12. Be3 Bg7 13. f5 gxf5 14. g4 Nd7
15. gxf5 exf5 16. Bg5 Rg8 17. Qxf5 Bf6 18. exf6 h6 19. Ng3 Rxg5 20. Rae1+ Kd8
21. Qf4 Qxc3 22. Re7 Qb4 23. Rxf7 c5 24. Qd6 Qxd4+ 25. Kh1 Qa4 26. Rf8# 1-0